000 01589nam2a2200265 4500
001 rc\3036346
005 20260315065344.0
035 _a(NLR Aleph) 007176953
090 _a13622074
_c13622074
100 _a20111005d1941 u y0rusy50 ca
101 0 _arus
102 _aRU
105 _aa z |||||
200 1 _aКонюшня на 20 рабочих лошадей мелких пород
_e(Стены кирпичные)
_f[Автор проекта инж. Н.В. Потапов]
_g[Смету сост. Ряднов]
210 _d1941
215 _a2 л. ил. и черт., "Пояснит. записка", "Смета", 6, 8 с.
_cил., черт.
300 _aБез тит. л.
461 0 _1001rc\3036340
_12001#$aТиповой проект сельскохозяйственного строительства [на 1941 год]$h[Серия 4]$i[Постройки для лошадей, мулов и верблюдов]$fСельхозстройпроект$v№ 0456-а
_97402758
_cМосква
_d1941
_fСельхозстройпроект
_h[Серия 4]
_i[Постройки для лошадей, мулов и верблюдов]
_nСельхозстройпроект НКЗ СССР
_tТиповой проект сельскохозяйственного строительства [на 1941 год]
_v№ 0456-а
702 1 _aПотапов
_bН.В.
_gНиколай Владимирович
_4570
702 1 _aРяднов
_bА.А.
_4570
801 0 _aRU
_bNLR
_gpsbo
801 1 _aRU
_bELAR
_2rusmarc
852 _aNLR
_jТ80 Г-8/8(0456)
942 _cUNSPEC
980 _aNB